Soy un matemático

Shranjeno v:
Bibliografske podrobnosti
Glavni avtor: Wiener, Norbert (Author)
Format: Knjiga
Jezik:španščina
Izdano: Ciudad de México Consejo Nacional de Ciencia y Tecnología 1982
Izdaja:1a. ed
Teme:
Oznake: Označite
Brez oznak, prvi označite!

MARC

LEADER 00000nam a2200000 a 4500
001 UCK4219
003 CL-VaPUC
008 050527e19820000MX |||||||||||||||||spa|d
020 |a 968823110X 
082 0 4 |a 925.1  |b WIE  |2 21 
100 0 |a Wiener, Norbert  |e author  |9 492691 
245 1 0 |a Soy un matemático 
250 |a 1a. ed 
300 |a 425 p 
942 |c BK 
945 |d 20050527 00:00:00  |a cmena 
260 |a Ciudad de México  |b Consejo Nacional de Ciencia y Tecnología  |c 1982 
650 0 |a Biografías  |9 255210 
650 0 |a Matemática  |9 260235 
650 0 |a Científicos   |9 262025 
650 0 |a Matemáticas historia  |9 321726 
583 |a last modification  |c 20050527 00:00:00  |k Rodrigo Vera 
999 |c 313159  |d 313157 
952 |0 0  |1 0  |4 0  |6 925_100000000000000_WIE_1982  |7 0  |8 P  |9 384261  |a BIBARQ  |b BIBARQ  |d 2019-11-22  |i 4127110  |o 925.1 WIE 1982  |p 4127110  |r 2025-01-20  |w 2019-11-22  |y BK  |k ARQ